Brawl Stars: Max Skins by Picture - Statistics

General Stats
  • This quiz has been taken 65 times
    13 since last reset
  • The average score is 7 of 10
Answer Stats
Picture Answer % Correct
Angel Max
88%
GT Max
88%
True Gold Max
75%
Cony Max
63%
Hermes Max
63%
Leopard Max
63%
Panther Max
63%
True Silver Max
63%
Streetwear Max
50%
World Championship Max
38%
No matching quizzes found
Score Distribution
Percent of People with Each Score
Percentile by Number Answered
Your Score History
You have not taken this quiz since the last reset